01760cam a22004454i 4500003000900000005001700009008004100026035001800067040003300085049000900118082001900127100003300146245004500179264005600224300002800280336002100308337002500329338002300354505025600377526001000633526001000643526001000653526001000663526000800673526000800681526000800689526000800697526000800705526000800713526000800721650003100729910001800760942001400778949013400792994001400926596000600940999015700946980005501103952015601158PE-LiUPU20250731173443.0150616s r 000 0 d a(Sirsi) a5807 aPE-LiUPUbspacPE-LiUPUerda aPRUA04a280.4bL462211 aLéonard, Emile G.,eautor.10aHistoria General del Protestantismo.n2. 1aBarcelona :bImpreso en Gráficas Diamante,c1967. a510 páginas ;c23 cm. atext2rdacontent aunmediated2rdamedia avolume2rdacarrier0 aLa Europa calvinista: Suiza, Alemania, Europa oriental.- La adaptación francesa del calvinismo.- Finales del siglo XVI. La secularización de la Reforma.- La guerra de los Treinta años y el establecimiento de las ortodoxias luterana y calvinista. aSEG42 aSEG41 aSEG40 aSEG39 aP94 aP87 aP86 aP85 aP77 aP76 aP3504aPROTESTANTISMO - HISTORIA. ajckbjvqcjck 2ddccBOOK a280.4 L46 2wDEWEYc1i39242lCCODEBUL1mBULp00.00r0sYtBOOKu19951008xTEOLOGIAzUNKNOWN0COMPRAo.STAFF. Colección General aC0bPEPRU a1 a280.4 L46 2wDEWEYc56874i39242d56874f2021-11-11g5lCCODEBUL1mBULq1r0sYtBOOKu2015-6-16xTEOLOGIAzUNKNOWN0COMPRAo.STAFF. Colección General 81gALBERTO SANCHEZ Responsable de Automatización r2025-12-02 00:00:00i6l0o280.4 L46 2p39242te1w2015-06-16xPGyBKzinventario-2023-12-13102ddc50708GENfP85aBULbBULcGENd2015-06-16eCOMPRA